Nhiệt độ và sự vận động của vật chất

Gardado en:
Detalles Bibliográficos
Autor Principal: Vũ, Thanh Khiết
Formato: Libro
Idioma:Undetermined
Publicado: Hà Nội Giáo dục 2008
Những chủ đề:
Acceso en liña:http://lrc.tdmu.edu.vn/opac/search/detail.asp?aID=2&ID=29113
Các nhãn: Engadir etiqueta
Sen Etiquetas, Sexa o primeiro en etiquetar este rexistro!
Thư viện lưu trữ: Trung tâm Học liệu Trường Đại học Thủ Dầu Một
LEADER 00629nam a2200193Ia 4500
001 TDMU_29113
008 210410s9999 xx 000 0 und d
082 |a 158.1 
090 |b V500 
100 |a Vũ, Thanh Khiết 
245 0 |a Nhiệt độ và sự vận động của vật chất 
245 0 |c Vũ Thanh Khiết 
260 |a Hà Nội 
260 |b Giáo dục 
260 |c 2008 
300 |a 108Tr. 
650 |a Nhiệt độ; Vật chất 
856 |u http://lrc.tdmu.edu.vn/opac/search/detail.asp?aID=2&ID=29113 
980 |a Trung tâm Học liệu Trường Đại học Thủ Dầu Một